00798nam a22001935i 450000100060000000300090000600500170001500700030003200800410003504000130007610000360008924501300012526001170025530000260037265100450039885200200044399900170046395201240048048580ES-MaACL20230906161757.0t|940202s1875 sp ||||1| spa d aAS bspa1 aDesiré Dugour, José.94388310aApuntes para la historia de Sta. Cruz de Tenerife desde su fundación hasta nuestros tiempos / cpor José Desiré Dugour. aSanta Cruz de Tenerife : b[s.n.], c1875 (fImprenta, Libreria y Encuadernación de J. Benítez y Compañia) aVI, 308 p. ; c23 cm. 4aSanta Cruz de Tenerife-xHistoria.99364 aES-MaACLjD-395 c48580d48580 001040708LIBXIXaATENEOMbATENEOMcSVId2008-01-17eSCl0oD-395p901051124r2023-02-23 00:00:00w2023-02-23yMONANT